00410nam a2200169 a 4500001000400000003000900004008004100013040002800054082000900082100002100091245003000112250000800142260002700150300001400177490002600191650002300217578CO-ViMGA141112s2004 ck r 000 u spa d aCO-ViMGAbspacCO-ViMGA04aLALs1 aLalana, Fernando10aEl secreto de la arboleda a16a aMadrid : bS.M, c1994 a95 p : il aEl barco de vapor, 1314aCUENTOS INFANTILES